Fr. Conceicao Rodrigues College of Engineering

ASP.NET jQuery cook book (Record no. 20913)

MARC details
000 -LEADER
fixed length control field 00358nam a2200169Ia 4500
082 ## - DEWEY DECIMAL CLASSIFICATION NUMBER
Classification number 5.1
Item number ALL
100 ## - MAIN ENTRY--PERSONAL NAME
Personal name Allana/Sonal Aneel
245 ## - TITLE STATEMENT
Title ASP.NET jQuery cook book
260 ## - PUBLICATION, DISTRIBUTION, ETC.
Name of publisher, distributor, etc. Packt Publications
Date of publication, distribution, etc. 2011
366 ## - TRADE AVAILABILITY INFORMATION
Publishers's discount category 25
300 ## - PHYSICAL DESCRIPTION
Extent 291
546 ## - LANGUAGE NOTE
Language note ENGLISH
-- electronics
650 ## - SUBJECT ADDED ENTRY--TOPICAL TERM
Topical term or geographic name entry element ASP.NET
654 ## - SUBJECT ADDED ENTRY--FACETED TOPICAL TERMS
Focus term jQuery
942 ## - ADDED ENTRY ELEMENTS (KOHA)
Koha item type BOOK
Holdings
Withdrawn status Lost status Damaged status Not for loan Collection Home library Current library Date acquired Source of acquisition Cost, normal purchase price Inventory number Total Checkouts Full call number Barcode Date last seen Cost, replacement price Price effective from Koha item type
        CRC Fr. Agnel's C.Rodrigues College of Engineering Fr. Agnel's C.Rodrigues College of Engineering 17/03/2023 Allied Publishers 487.50 2121 dt 11.02.2014   5.1 ALL 23096 17/03/2023 650.00   BOOK